000 00547nam a2200181Ia 4500
008 100920s9999 xx 000 0 und d
082 _b75206
_a24 थ 97
100 _aजोशी न.म.
245 _aनि:स्पृह.
260 _bइंद्रायणी साहित्य प्रकाशन पुणे 30.
_c1997
300 _a273
_bसाधी
365 _b120
520 _aसायो.
630 _aनि:स्पृह.
650 _aसायो.
730 _aनि:स्पृह.
942 _cBOOK
999 _c716744
_d716741